[Event "Sao Paulo Carnaval op"]
[Site "Sao Paulo"]
[Date "2018.02.12"]
[Round "6"]
[White "Cordioli, Jairo Ribeiro"]
[Black "Utiyama, Marcel Heimar Ribei"]
[Result "0-1"]
[WhiteElo "1882"]
[BlackElo "2228"]
[PlyCount "68"]
[EventDate "2018.02.10"]
[EventType "swiss"]
[EventRounds "7"]
[EventCountry "BRA"]
[SourceTitle "CBM 183 Extra"]
[Source "ChessBase"]
[SourceDate "2018.04.19"]
[SourceVersion "1"]
[SourceVersionDate "2018.04.19"]
[SourceQuality "1"]

1. d4 Nf6 2. c4 g6 3. Nc3 d5 4. cxd5 Nxd5 5. e4 Nxc3 6. bxc3 Bg7 7. Bc4 c5 8. Be3 0-0 9. Ne2 Nc6 10. 0-0 Na5 11. Bd3 b6 12. dxc5 bxc5 13. Bxc5 Qc7 14. Bd4 e5 15. Be3 Nc4 16. Bc1 Be6 17. Rb1 Rfd8 18. Qc2 Qc5 19. Rb4 a5 20. Ra4 Qc6 21. f4 Rxd3 22. Qxd3 Qxa4 23. f5 Qd7 24. Qh3 Qa7+ 25. Kh1 Bd7 26. Qh4 Bc6 27. Rf3 Qd7 28. Bg5 Rb8 29. Rh3 Rb1+ 30. Ng1 Qd1 31. Qf2 Bxe4 32. fxg6 hxg6 33. Qc5 Bxg2+ 34. Kxg2 Qf1+ 0-1

[Event "Maringa Parana-ch"]
[Site "Maringa"]
[Date "2018.02.04"]
[Round "8"]
[White "Utiyama, Marcel Heimar Ribei"]
[Black "Fier, Alexandr"]
[Result "0-1"]
[WhiteElo "2228"]
[BlackElo "2557"]
[PlyCount "68"]
[EventDate "2018.01.31"]
[EventType "swiss"]
[EventRounds "8"]
[EventCountry "BRA"]
[SourceTitle "CBM 182 Extra"]
[Source "ChessBase"]
[SourceDate "2018.02.23"]
[SourceVersion "1"]
[SourceVersionDate "2018.02.23"]
[SourceQuality "1"]

1. e4 c5 2. Nf3 d6 3. d4 cxd4 4. Nxd4 Nf6 5. Nc3 Nc6 6. Bg5 e6 7. Qd2 a6 8. 0-0-0 Bd7 9. f3 Be7 10. h4 b5 11. Kb1 0-0 12. g4 Nxd4 13. Qxd4 Bc6 14. h5 h6 15. Be3 Nd7 16. g5 hxg5 17. h6 e5 18. h7+ Kh8 19. Qd2 f5 20. Bd3 f4 21. Bf2 Nf6 22. Rdg1 g4 23. fxg4 b4 24. Nd5 Nxd5 25. exd5 Bxd5 26. Rh5 Bf7 27. Rf5 Be6 28. Rxf8+ Bxf8 29. Qxb4 d5 30. Qb7 e4 31. Be2 Qc8 32. Qxc8 Bxc8 33. Rd1 Be6 34. Bd4 Kxh7 0-1

[Event "Maringa Parana-ch"]
[Site "Maringa"]
[Date "2018.02.02"]
[Round "5"]
[White "Cruz, William Ferreira Da"]
[Black "Utiyama, Marcel Heimar Ribei"]
[Result "1-0"]
[WhiteElo "2248"]
[BlackElo "2228"]
[PlyCount "53"]
[EventDate "2018.01.31"]
[EventType "swiss"]
[EventRounds "8"]
[EventCountry "BRA"]
[SourceTitle "CBM 182 Extra"]
[Source "ChessBase"]
[SourceDate "2018.02.23"]
[SourceVersion "1"]
[SourceVersionDate "2018.02.23"]
[SourceQuality "1"]

1. d4 Nf6 2. c4 g6 3. Nc3 d5 4. Bf4 Bg7 5. e3 0-0 6. Rc1 dxc4 7. Bxc4 c5 8. dxc5 Qa5 9. Nf3 Qxc5 10. Bb3 Nc6 11. 0-0 Qa5 12. h3 Bf5 13. Qe2 Ne4 14. Rfd1 Nxc3 15. bxc3 Rad8 16. Rxd8 Qxd8 17. e4 Bd7 18. Qe3 Qc8 19. Bh6 Be6 20. Bd5 Bxh6 21. Qxh6 f6 22. c4 Bf7 23. c5 Qc7 24. h4 Ne5 25. Nxe5 fxe5 26. h5 g5 27. Bxb7 1-0

[Event "Cuiaba Contaud op"]
[Site "Cuiaba"]
[Date "2017.07.28"]
[Round "2"]
[White "Utiyama, Marcel Heimar Ribei"]
[Black "Mekhitarian, Krikor Sevag"]
[Result "0-1"]
[WhiteElo "2209"]
[BlackElo "2534"]
[PlyCount "62"]
[EventDate "2017.07.28"]
[EventType "swiss"]
[EventRounds "6"]
[EventCountry "BRA"]
[SourceTitle "EXT 2018"]
[Source "ChessBase"]
[SourceDate "2017.10.13"]
[SourceVersion "1"]
[SourceVersionDate "2017.10.13"]
[SourceQuality "1"]

1. e4 e5 2. Nf3 Nc6 3. Bb5 a6 4. Ba4 Nf6 5. 0-0 Be7 6. d3 b5 7. Bb3 d6 8. a3 0-0 9. Re1 Na5 10. Ba2 c5 11. Nc3 Be6 12. Bg5 Nc6 13. h3 Qd7 14. Bxf6 Bxf6 15. Nd5 Bd8 16. c3 Kh8 17. Nd2 g6 18. Qe2 f5 19. exf5 gxf5 20. f4 Qf7 21. Qf3 Bh4 22. Re2 Rae8 23. Nf1 Rg8 24. b4 c4 25. dxc4 e4 26. Qe3 bxc4 27. Nb6 d5 28. Qc5 Na7 29. Ne3 Be7 30. Qd4+ Bf6 31. Qd2 Rd8 0-1

[Event "Sao Paulo op-A 6th"]
[Site "Sao Paulo"]
[Date "2017.04.16"]
[Round "6"]
[White "Batista, Renato Luiz"]
[Black "Utiyama, Marcel Heimar Ribei"]
[Result "1-0"]
[WhiteElo "2154"]
[BlackElo "2215"]
[PlyCount "61"]
[EventDate "2017.04.14"]
[EventType "swiss"]
[EventRounds "6"]
[EventCountry "BRA"]
[SourceTitle "CBM 178 Extra"]
[Source "ChessBase"]
[SourceDate "2017.06.22"]
[SourceVersion "1"]
[SourceVersionDate "2017.06.22"]
[SourceQuality "1"]

1. e4 c5 2. Nf3 Nc6 3. d4 cxd4 4. Nxd4 Nf6 5. Nc3 d6 6. Be2 e5 7. Nb3 Be7 8. 0-0 0-0 9. Bg5 Be6 10. Qd2 a5 11. Bxf6 gxf6 12. f4 a4 13. Nc1 a3 14. b3 Qa5 15. f5 Bd7 16. Rf3 Kh8 17. Bc4 Rg8 18. Bxf7 Rg7 19. Bd5 Nd4 20. Rh3 Rc8 21. Kh1 Bb5 22. b4 Qxb4 23. Rb1 Qc5 24. Nxb5 Nxb5 25. Nb3 Qc7 26. Be6 Ra8 27. Nc1 Nd4 28. Bd5 Bd8 29. Qh6 Rb8 30. Rg3 b5 31. Qxh7+ 1-0

[Event "Sao Paulo op-A 6th"]
[Site "Sao Paulo"]
[Date "2017.04.14"]
[Round "2"]
[White "Noseda, Francesco"]
[Black "Utiyama, Marcel Heimar Ribei"]
[Result "0-1"]
[WhiteElo "1927"]
[BlackElo "2215"]
[PlyCount "122"]
[EventDate "2017.04.14"]
[EventType "swiss"]
[EventRounds "6"]
[EventCountry "BRA"]
[SourceTitle "CBM 178 Extra"]
[Source "ChessBase"]
[SourceDate "2017.06.22"]
[SourceVersion "1"]
[SourceVersionDate "2017.06.22"]
[SourceQuality "1"]

1. d4 Nf6 2. Bf4 g6 3. Nf3 Bg7 4. e3 0-0 5. Be2 d5 6. 0-0 c5 7. c3 Nc6 8. Nbd2 b6 9. Ne5 Bb7 10. h3 Nd7 11. Nxd7 Qxd7 12. Nb3 e5 13. dxe5 Nxe5 14. Qc2 Qc6 15. Bxe5 Bxe5 16. Bf3 Qf6 17. Rad1 Rad8 18. Rd2 Bc7 19. Rfd1 Qe5 20. c4 Rd7 21. g3 Rfd8 22. Nc1 h5 23. h4 Ba8 24. Ne2 Qe6 25. Bxd5 Bxd5 26. Rxd5 Rxd5 27. Rxd5 Rxd5 28. cxd5 Qxd5 29. Nc3 Qc4 30. Qe4 Qxe4 31. Nxe4 Be5 32. b3 Kf8 33. f4 Bb2 34. Kf2 Ke7 35. Kf3 f5 36. Nd2 Bc3 37. Nf1 Ke6 38. e4 fxe4+ 39. Kxe4 Be1 40. Kf3 b5 41. Ne3 Bd2 42. Nf1 Bc3 43. Ke4 Be1 44. Kd3 a6 45. Ke4 Bc3 46. Kd3 Bd4 47. Ke4 Bg1 48. Nd2 Bf2 49. Nf1 c4 50. bxc4 bxc4 51. Kf3 c3 52. Ke2 c2 53. Kd2 Kf5 54. Kxc2 Kg4 55. Kd3 Bxg3 56. Nxg3 Kxg3 57. Ke3 Kxh4 58. Kf3 Kh3 59. a3 h4 60. a4 a5 61. Kf2 Kg4 0-1

[Event "Sao Paulo Karman Cup 9th"]
[Site "Sao Paulo"]
[Date "2016.08.07"]
[Round "5"]
[White "Dos Reis, Leandro Aparecido C"]
[Black "Utiyama, Marcel Heimar Ribei"]
[Result "1-0"]
[WhiteElo "1977"]
[BlackElo "2229"]
[PlyCount "73"]
[EventDate "2016.08.05"]
[EventType "swiss"]
[EventRounds "6"]
[EventCountry "BRA"]
[SourceTitle "CBM 174 Extra"]
[Source "ChessBase"]
[SourceDate "2016.10.10"]
[SourceVersion "1"]
[SourceVersionDate "2016.10.10"]
[SourceQuality "1"]

1. e4 c5 2. Na3 Nc6 3. Nf3 g6 4. h4 Nf6 5. d3 Bg7 6. Nc4 d5 7. exd5 Qxd5 8. Bd2 0-0 9. Bc3 Nd4 10. Be2 Nxe2 11. Qxe2 b5 12. Ne3 Qd6 13. Be5 Qe6 14. d4 cxd4 15. Bxd4 Ba6 16. Ng5 Qc8 17. 0-0-0 b4 18. Qf3 h6 19. Ne4 Bb7 20. Nxf6+ exf6 21. Nd5 Bxd5 22. Qxd5 Rd8 23. Qf3 Qe6 24. Qb3 Qg4 25. f3 Qf4+ 26. Be3 Rxd1+ 27. Rxd1 Qxh4 28. Qd5 Rc8 29. Bxa7 f5 30. Be3 Qf6 31. Qb3 Qe7 32. Bd2 Qe2 33. Bxb4 Be5 34. Bd2 Rd8 35. c3 Rxd2 36. Rxd2 Bf4 37. Qb8+ 1-0

[Event "Sao Paulo Karman Cup 9th"]
[Site "Sao Paulo"]
[Date "2016.08.06"]
[Round "4"]
[White "Utiyama, Marcel Heimar Ribei"]
[Black "Heinrichs, Vivian"]
[Result "1-0"]
[WhiteElo "2229"]
[BlackElo "1960"]
[PlyCount "63"]
[EventDate "2016.08.05"]
[EventType "swiss"]
[EventRounds "6"]
[EventCountry "BRA"]
[SourceTitle "CBM 174 Extra"]
[Source "ChessBase"]
[SourceDate "2016.10.10"]
[SourceVersion "1"]
[SourceVersionDate "2016.10.10"]
[SourceQuality "1"]

1. e4 d5 2. exd5 Nf6 3. Bb5+ Bd7 4. Bxd7+ Qxd7 5. Nf3 Nxd5 6. 0-0 Nc6 7. d4 0-0-0 8. c3 g6 9. Nbd2 Bg7 10. Nc4 Nb6 11. Nxb6+ axb6 12. Qe2 f6 13. b4 e5 14. b5 Na5 15. dxe5 fxe5 16. Ng5 e4 17. Nxe4 Rde8 18. Ba3 Qd5 19. f3 Nc4 20. Bb4 Qxb5 21. a4 Qc6 22. Qf2 Bh6 23. Rfe1 Ne5 24. Qc2 Nc4 25. Kh1 g5 26. a5 b5 27. a6 b6 28. Ng3 Kb8 29. Nf5 Rxe1+ 30. Rxe1 Bf8 31. Nd4 Qd5 32. a7+ 1-0

[Event "Sao Paulo Karman Cup 9th"]
[Site "Sao Paulo"]
[Date "2016.08.05"]
[Round "1"]
[White "Gansl, Eduardo"]
[Black "Utiyama, Marcel Heimar Ribei"]
[Result "0-1"]
[WhiteElo "1550"]
[BlackElo "2229"]
[PlyCount "45"]
[EventDate "2016.08.05"]
[EventType "swiss"]
[EventRounds "6"]
[EventCountry "BRA"]
[SourceTitle "CBM 174 Extra"]
[Source "ChessBase"]
[SourceDate "2016.10.10"]
[SourceVersion "1"]
[SourceVersionDate "2016.10.10"]
[SourceQuality "1"]

1. e4 c5 2. Nf3 Nc6 3. Bc4 d6 4. c3 Nf6 5. d3 Bg4 6. Bg5 e6 7. Nbd2 Be7 8. Qc2 0-0 9. h3 Bxf3 10. gxf3 Nh5 11. Be3 d5 12. exd5 exd5 13. 0-0-0 dxc4 14. dxc4 Qc8 15. Ne4 Qe6 16. Rd5 Nf6 17. Ng5 Qc8 18. h4 g6 19. Rdd1 Ne5 20. h5 Qf5 21. Qxf5 gxf5 22. Rdg1 Kh8 23. Nh3 0-1

[Event "Sao Paulo Karman Cup 9th"]
[Site "Sao Paulo"]
[Date "2016.08.05"]
[Round "2"]
[White "Utiyama, Marcel Heimar Ribei"]
[Black "Lacerda, Vinicius"]
[Result "1/2-1/2"]
[WhiteElo "2229"]
[BlackElo "1772"]
[PlyCount "118"]
[EventDate "2016.08.05"]
[EventType "swiss"]
[EventRounds "6"]
[EventCountry "BRA"]
[SourceTitle "CBM 174 Extra"]
[Source "ChessBase"]
[SourceDate "2016.10.10"]
[SourceVersion "1"]
[SourceVersionDate "2016.10.10"]
[SourceQuality "1"]

1. e4 e6 2. d4 d5 3. Nd2 Nf6 4. e5 Ne4 5. Bd3 Nxd2 6. Bxd2 c5 7. c3 Nc6 8. Nf3 Qb6 9. Qb3 Qxb3 10. axb3 cxd4 11. cxd4 Bd7 12. Kd1 Be7 13. Bc3 0-0 14. Re1 a6 15. Ke2 Nb4 16. Bxb4 Bxb4 17. Rec1 Rac8 18. Rxc8 Rxc8 19. Ne1 Be8 20. f4 f6 21. Nc2 Be7 22. b4 Bg6 23. Bxg6 hxg6 24. Kd3 Kf7 25. b5 axb5 26. Ra5 b4 27. Rb5 Rc7 28. Nxb4 g5 29. exf6 Kxf6 30. fxg5+ Kxg5 31. Nc2 Bd6 32. Rb6 Rd7 33. Ne1 Kf4 34. Nf3 g5 35. h3 e5 36. dxe5 Bxe5 37. Rb4+ d4 38. Nxe5 Kxe5 39. g3 Rh7 40. Rb5+ Kf6 41. Rb6+ Ke5 42. Rb5+ Kf6 43. Kxd4 Rxh3 44. g4 Rg3 45. Rb6+ Ke7 46. Ke5 Rxg4 47. Rxb7+ Kd8 48. Kd6 Kc8 49. Rg7 Rb4 50. Kc6 Kd8 51. Rd7+ Ke8 52. Rd2 g4 53. Kc5 Rb7 54. b4 g3 55. b5 Rg7 56. Rg2 Kd8 57. Kb6 Kc8 58. Ka6 Kb8 59. b6 Rg8 1/2-1/2

[Event "Matinhos Caioba op"]
[Site "Matinhos"]
[Date "2015.08.14"]
[Round "1"]
[White "Utiyama, Marcel Heimar Ribei"]
[Black "Vilela, Bruno Ailton"]
[Result "1-0"]
[WhiteElo "2224"]
[BlackElo "1642"]
[PlyCount "71"]
[EventDate "2015.08.14"]
[EventType "swiss"]
[EventRounds "6"]
[EventCountry "BRA"]
[SourceTitle "EXT 2016"]
[Source "ChessBase"]
[SourceDate "2015.10.08"]
[SourceVersion "1"]
[SourceVersionDate "2015.10.08"]
[SourceQuality "1"]

1. e4 e6 2. d4 d5 3. Nd2 c5 4. exd5 Qxd5 5. dxc5 Qe5+ 6. Be2 Bxc5 7. Ngf3 Qc7 8. 0-0 Nf6 9. Bd3 0-0 10. Qe2 Nbd7 11. b3 b6 12. Bb2 Bb7 13. Ne4 Nxe4 14. Bxe4 Bxe4 15. Qxe4 Be7 16. c4 Nf6 17. Qe2 Qf4 18. Be5 Qe4 19. Qb2 Rfd8 20. Rfe1 Qb7 21. a3 Ne8 22. Bc3 Bf6 23. Ne5 Rac8 24. Rac1 Qe7 25. b4 Bxe5 26. Bxe5 Qh4 27. Qb3 Rd2 28. Bg3 Qd4 29. Qa4 Qd7 30. Qa6 Nf6 31. Bf4 Rd4 32. Be3 Rd3 33. h3 Rc7 34. c5 bxc5 35. Rxc5 Nd5 36. Qxd3 1-0

[Event "Parana-ch"]
[Site "Curitiba"]
[Date "2015.01.31"]
[Round "6"]
[White "Utiyama, Marcel Heimar Ribei"]
[Black "Choma, Ernani Francisco"]
[Result "1/2-1/2"]
[WhiteElo "2216"]
[BlackElo "2369"]
[PlyCount "53"]
[EventDate "2015.01.28"]
[EventType "swiss"]
[EventRounds "8"]
[EventCountry "BRA"]
[SourceTitle "CBM 164 Extra"]
[Source "ChessBase"]
[SourceDate "2015.03.02"]
[SourceVersion "1"]
[SourceVersionDate "2015.03.02"]
[SourceQuality "1"]

1. e4 c5 2. Nf3 Nc6 3. d4 cxd4 4. Nxd4 Nf6 5. Nc3 e6 6. Ndb5 d6 7. Bf4 e5 8. Bg5 a6 9. Na3 b5 10. Nd5 Be7 11. Bxf6 Bxf6 12. c4 b4 13. Nc2 a5 14. Qf3 Be6 15. Rd1 a4 16. Be2 Qa5 17. 0-0 Bg5 18. Qg3 Bh6 19. a3 b3 20. Ncb4 Rc8 21. Rd3 Nd4 22. Rxd4 exd4 23. Qxd6 Qc5 24. Qa6 0-0 25. Qxa4 f5 26. exf5 Bxf5 27. Qxb3 1/2-1/2

[Event "Parana-ch"]
[Site "Curitiba"]
[Date "2015.01.30"]
[Round "5"]
[White "Utiyama, Marcel Heimar Ribei"]
[Black "Almeida Junior, Alvaro Alves de"]
[Result "1-0"]
[WhiteElo "2216"]
[BlackElo "1885"]
[PlyCount "33"]
[EventDate "2015.01.28"]
[EventType "swiss"]
[EventRounds "8"]
[EventCountry "BRA"]
[SourceTitle "CBM 164 Extra"]
[Source "ChessBase"]
[SourceDate "2015.03.02"]
[SourceVersion "1"]
[SourceVersionDate "2015.03.02"]
[SourceQuality "1"]

1. e4 c5 2. Nf3 d6 3. d4 cxd4 4. Nxd4 Nf6 5. Nc3 a6 6. Bg5 e6 7. f4 Be7 8. Qf3 Qc7 9. 0-0-0 Nbd7 10. g4 h6 11. Bxf6 Nxf6 12. h4 b5 13. g5 Nd7 14. g6 b4 15. gxf7+ Kxf7 16. Nxe6 Kxe6 17. Qh5 1-0

[Event "Maringa op 4th"]
[Site "Maringa"]
[Date "2014.08.24"]
[Round "9"]
[White "Utiyama, Marcel Heimar Ribei"]
[Black "Proudian, Armen"]
[Result "0-1"]
[WhiteElo "2205"]
[BlackElo "2320"]
[PlyCount "148"]
[EventDate "2014.08.20"]
[EventType "swiss"]
[EventRounds "9"]
[EventCountry "BRA"]
[SourceTitle "EXT 2015"]
[Source "ChessBase"]
[SourceDate "2014.11.20"]
[SourceVersion "1"]
[SourceVersionDate "2014.11.20"]
[SourceQuality "1"]

1. e4 e5 2. Nf3 Nc6 3. d4 exd4 4. Nxd4 Bc5 5. Nxc6 bxc6 6. Nc3 Nf6 7. Bd3 0-0 8. 0-0 Re8 9. h3 h6 10. Qf3 d6 11. Qg3 Nh5 12. Qf3 Qh4 13. Ne2 Re6 14. Nf4 Nxf4 15. Qxf4 Qe7 16. Bd2 Bd4 17. c3 Bf6 18. Qf3 Rb8 19. b3 c5 20. Rfe1 Bg5 21. Rad1 Bb7 22. Bxg5 Qxg5 23. Bc4 Re7 24. Re3 Rbe8 25. Bd5 Bxd5 26. Rxd5 Re5 27. Rxe5 Rxe5 28. Qe2 Qd8 29. Qb5 Qa8 30. Qa4 Qb7 31. Kh2 a6 32. c4 Re7 33. Qa5 Kh7 34. Qe1 Qb4 35. Qe2 Qb8 36. Qd3 Kg8 37. Rg3 Qe8 38. Qc3 g6 39. f3 Re5 40. Qd2 Kh7 41. Qf4 Kg7 42. Kh1 a5 43. Qd2 a4 44. Qc3 Kh7 45. b4 cxb4 46. Qxb4 Qc6 47. Rg4 Rc5 48. e5 Rxe5 49. Rf4 Qe8 50. Kh2 Re2 51. Re4 Rxe4 52. fxe4 Qe5+ 53. g3 Qxe4 54. Qxa4 d5 55. Qd7 Qc2+ 56. Kg1 Qb1+ 57. Kh2 Qxa2+ 58. Kg1 Qb1+ 59. Kh2 Qc2+ 60. Kg1 Qd1+ 61. Kg2 Qe2+ 62. Kg1 Qe6 63. Qxc7 dxc4 64. Kf2 Kg7 65. h4 Qd5 66. Kg1 Qd4+ 67. Kh2 h5 68. Kh3 c3 69. Kh2 Qf2+ 70. Kh3 Qf1+ 71. Kh2 Qe2+ 72. Kh3 c2 73. Qc3+ Kh7 74. Qf6 Qe6+ 0-1

[Event "Maringa op 4th"]
[Site "Maringa"]
[Date "2014.08.23"]
[Round "7"]
[White "Utiyama, Marcel Heimar Ribei"]
[Black "Umetsubo, Cesar Hidemitsu"]
[Result "1/2-1/2"]
[WhiteElo "2205"]
[BlackElo "2365"]
[PlyCount "86"]
[EventDate "2014.08.20"]
[EventType "swiss"]
[EventRounds "9"]
[EventCountry "BRA"]
[SourceTitle "EXT 2015"]
[Source "ChessBase"]
[SourceDate "2014.11.20"]
[SourceVersion "1"]
[SourceVersionDate "2014.11.20"]
[SourceQuality "1"]

1. e4 e5 2. Nf3 Nf6 3. Nxe5 d6 4. Nf3 Nxe4 5. Nc3 Nxc3 6. dxc3 Be7 7. Be3 Nc6 8. Qd2 Be6 9. 0-0-0 Qd7 10. Kb1 Bf6 11. h4 h6 12. Nd4 Nxd4 13. Bxd4 Bxd4 14. Qxd4 0-0 15. c4 Rfe8 16. Be2 Qa4 17. Rhe1 Bf5 18. Bd3 Bxd3 19. Qxd3 Qa5 20. Re4 Qc5 21. Rd2 Re5 22. Rxe5 Qxe5 23. Qe2 Qf5 24. b3 a5 25. a4 Kf8 26. Rd3 Re8 27. Re3 Rxe3 28. Qxe3 b6 29. g3 Qe5 30. Qf3 Ke7 31. Ka2 f5 32. Qc6 Kd8 33. Qa8+ Kd7 34. Qg8 Kc6 35. g4 Qf6 36. Qd5+ Kd7 37. Kb1 Qg6 38. Qd3 Qe6 39. Qc3 Qe7 40. Ka2 Ke8 41. Qd4 Qf7 42. Qc3 Kf8 43. Qd3 Qe6 1/2-1/2

[Event "Maringa op 4th"]
[Site "Maringa"]
[Date "2014.08.22"]
[Round "6"]
[White "Quintiliano Pinto, Renato Rodrigues"]
[Black "Utiyama, Marcel Heimar Ribei"]
[Result "1/2-1/2"]
[WhiteElo "2370"]
[BlackElo "2205"]
[PlyCount "80"]
[EventDate "2014.08.20"]
[EventType "swiss"]
[EventRounds "9"]
[EventCountry "BRA"]
[SourceTitle "EXT 2015"]
[Source "ChessBase"]
[SourceDate "2014.11.20"]
[SourceVersion "1"]
[SourceVersionDate "2014.11.20"]
[SourceQuality "1"]

1. c4 Nf6 2. Nc3 d5 3. cxd5 Nxd5 4. g3 g6 5. Bg2 Nxc3 6. bxc3 Bg7 7. Rb1 Nc6 8. h4 h5 9. Nf3 0-0 10. 0-0 b6 11. d3 Bb7 12. Qc2 Qd7 13. Rd1 Rab8 14. e4 Na5 15. Bf4 Rbd8 16. Qc1 c5 17. Bh6 c4 18. Bxg7 Kxg7 19. Nd4 Kh7 20. dxc4 Nxc4 21. Nf3 Qxd1+ 22. Qxd1 Rxd1+ 23. Rxd1 Bc6 24. Rd4 b5 25. Bf1 Nd6 26. Ng5+ Kg7 27. e5 Nf5 28. Rd3 Rc8 29. Bh3 e6 30. Bg2 Bxg2 31. Kxg2 Rc7 32. Ne4 Ne7 33. Nd6 Rc5 34. Ne8+ Kf8 35. Nf6 Rc7 36. f4 Nd5 37. Nxd5 exd5 38. Rxd5 Rxc3 39. Rxb5 Rc2+ 40. Kf3 Rxa2 1/2-1/2

[Event "Iracemapolis op 4th"]
[Site "Iracemapolis"]
[Date "2013.11.10"]
[Round "6"]
[White "Utiyama, Marcel Heimar Ribei"]
[Black "Pires, Marcos Vinicius Tor"]
[Result "1/2-1/2"]
[WhiteElo "2202"]
[BlackElo "2160"]
[PlyCount "41"]
[EventDate "2013.11.08"]
[EventType "swiss"]
[EventRounds "6"]
[EventCountry "BRA"]
[SourceTitle "CBM 157 Extra"]
[Source "ChessBase"]
[SourceDate "2013.12.19"]
[SourceVersion "1"]
[SourceVersionDate "2013.12.19"]
[SourceQuality "1"]

1. e4 e5 2. Nf3 Nc6 3. Bb5 a6 4. Ba4 Nf6 5. 0-0 Be7 6. d3 d6 7. c3 0-0 8. Re1 Re8 9. h3 h6 10. Nbd2 Bf8 11. Nf1 g6 12. Ng3 Bg7 13. d4 b5 14. Bb3 exd4 15. cxd4 Na5 16. Bc2 c5 17. dxc5 dxc5 18. Qxd8 Rxd8 19. Bf4 Re8 20. Bd6 Nb7 21. Be5 1/2-1/2

[Event "Iracemapolis op 4th"]
[Site "Iracemapolis"]
[Date "2013.11.09"]
[Round "4"]
[White "Utiyama, Marcel Heimar Ribei"]
[Black "Chih, Lee Hung"]
[Result "1-0"]
[WhiteElo "2202"]
[BlackElo "1995"]
[PlyCount "68"]
[EventDate "2013.11.08"]
[EventType "swiss"]
[EventRounds "6"]
[EventCountry "BRA"]
[SourceTitle "CBM 157 Extra"]
[Source "ChessBase"]
[SourceDate "2013.12.19"]
[SourceVersion "1"]
[SourceVersionDate "2013.12.19"]
[SourceQuality "1"]

1. e4 e5 2. Nf3 Nc6 3. Bb5 a6 4. Ba4 Nf6 5. 0-0 b5 6. Bb3 Be7 7. d3 0-0 8. a4 b4 9. Bd5 Bd6 10. Bg5 Rb8 11. Nbd2 Na5 12. d4 Re8 13. dxe5 Bxe5 14. Nxe5 Rxe5 15. f4 Rxg5 16. Bxf7+ Kxf7 17. fxg5 Nc6 18. Qh5+ Kg8 19. gxf6 gxf6 20. Nc4 d6 21. Qd5+ Kh8 22. Qf7 Ne5 23. Nxe5 fxe5 24. Qf8+ Qxf8 25. Rxf8+ Kg7 26. Raf1 Ra8 27. R1f7+ Kg6 28. Rxc7 Bb7 29. Rxa8 Bxa8 30. Ra7 Bxe4 31. Rxa6 Bxc2 32. Rxd6+ Kf5 33. a5 e4 34. Kf2 Kf4 1-0

[Event "Iracemapolis op 4th"]
[Site "Iracemapolis"]
[Date "2013.11.08"]
[Round "2"]
[White "Utiyama, Marcel Heimar Ribei"]
[Black "Aoyama, Edmundo"]
[Result "1-0"]
[WhiteElo "2202"]
[BlackElo "1936"]
[PlyCount "47"]
[EventDate "2013.11.08"]
[EventType "swiss"]
[EventRounds "6"]
[EventCountry "BRA"]
[SourceTitle "CBM 157 Extra"]
[Source "ChessBase"]
[SourceDate "2013.12.19"]
[SourceVersion "1"]
[SourceVersionDate "2013.12.19"]
[SourceQuality "1"]

1. e4 d6 2. d4 c6 3. Nc3 Nf6 4. Bg5 Nbd7 5. f4 Nb6 6. Nf3 g6 7. Qd2 Qc7 8. 0-0-0 Bd7 9. e5 Nfd5 10. Ne4 dxe5 11. fxe5 Bf5 12. Nc5 Nd7 13. e6 fxe6 14. Nxd7 Qxd7 15. c4 Nf6 16. Ne5 Qc7 17. Bf4 Ne4 18. Qe3 g5 19. Bxg5 Nxg5 20. Qxg5 h5 21. Rd2 Qa5 22. Be2 Qxd2+ 23. Kxd2 Bh6 24. Bxh5+ 1-0

[Event "Americana Paulista op"]
[Site "Americana"]
[Date "2013.09.22"]
[Round "6"]
[White "Utiyama, Marcel Heimar Ribei"]
[Black "Brandao, Renan Alves"]
[Result "1-0"]
[WhiteElo "2205"]
[BlackElo "2089"]
[PlyCount "87"]
[EventDate "2013.09.20"]
[EventType "swiss"]
[EventRounds "6"]
[EventCountry "BRA"]
[SourceTitle "CBM 156 Extra"]
[Source "ChessBase"]
[SourceDate "2013.10.22"]
[SourceVersion "1"]
[SourceVersionDate "2013.10.22"]
[SourceQuality "1"]

1. e4 c5 2. Nf3 d6 3. d4 cxd4 4. Nxd4 Nf6 5. Nc3 g6 6. Be3 Bg7 7. f3 Nc6 8. Qd2 0-0 9. 0-0-0 d5 10. Kb1 Nxd4 11. e5 Nf5 12. exf6 exf6 13. Nxd5 Nxe3 14. Qxe3 Re8 15. Nxf6+ Bxf6 16. Rxd8 Rxd8 17. Bc4 b5 18. Bb3 a5 19. Qf4 Kg7 20. g4 g5 21. Qc7 Bd7 22. Bd5 Rac8 23. Qxa5 Bxg4 24. Bb7 Rb8 25. fxg4 Rxb7 26. a3 Rd5 27. Ka2 Rbd7 28. Kb3 Re5 29. Re1 Rxe1 30. Qxe1 Re7 31. Qf1 Re3+ 32. c3 Re4 33. Qxb5 Rxg4 34. a4 Re4 35. a5 Re5 36. Qb6 Re6 37. Qb7 Bd8 38. Ka4 h5 39. Qc8 Bxa5 40. Kxa5 g4 41. Qd8 Re5+ 42. Ka4 f6 43. b4 h4 44. Qd7+ 1-0

[Event "Maringa op 3rd"]
[Site "Maringa"]
[Date "2013.07.27"]
[Round "7"]
[White "Mekhitarian, Krikor Sevag"]
[Black "Utiyama, Marcel Heimar Ribei"]
[Result "1-0"]
[WhiteElo "2521"]
[BlackElo "2185"]
[PlyCount "111"]
[EventDate "2013.07.24"]
[EventType "swiss"]
[EventRounds "8"]
[EventCountry "BRA"]
[SourceTitle "CBM 155 Extra"]
[Source "ChessBase"]
[SourceDate "2013.08.26"]
[SourceVersion "1"]
[SourceVersionDate "2013.08.26"]
[SourceQuality "1"]

1. e4 c5 2. Nf3 g6 3. d4 cxd4 4. Nxd4 Bg7 5. Nc3 Nc6 6. Be3 Nf6 7. Bc4 Qa5 8. 0-0 0-0 9. Bb3 d6 10. h3 Bd7 11. Nf3 Rac8 12. Re1 a6 13. Qe2 Ne5 14. Bd2 Nxf3+ 15. Qxf3 Bc6 16. Rad1 Qc7 17. Nd5 Bxd5 18. exd5 Rfe8 19. Bc3 b5 20. Re2 Nd7 21. Bxg7 Kxg7 22. Rd4 Nf6 23. a4 Qa7 24. Rf4 Qd7 25. axb5 axb5 26. Qe3 h6 27. Rh4 Ng8 28. c3 Rc5 29. Rf4 h5 30. Qd4+ Nf6 31. Re3 Rxd5 32. Bxd5 e5 33. Rxf6 exd4 34. Ref3 Qd8 35. Rxf7+ Kh6 36. R7f6 Re5 37. Bf7 Rg5 38. cxd4 Kg7 39. R6f4 Qc7 40. Be6 Qc1+ 41. Kh2 h4 42. Rxh4 Rh5 43. Rg4 Qxb2 44. Bf5 Rh6 45. Rfg3 b4 46. Bxg6 Kf6 47. Rf4+ Ke6 48. Bf7+ Kd7 49. Bd5 Rh7 50. Re3 Qd2 51. g3 Qd1 52. h4 Kc7 53. Bb3 Qd2 54. d5 Kb8 55. Rfe4 Rb7 56. Kg2 1-0

[Event "Maringa op 3rd"]
[Site "Maringa"]
[Date "2013.07.26"]
[Round "4"]
[White "Utiyama, Marcel Heimar Ribei"]
[Black "Mareco, Sandro"]
[Result "0-1"]
[WhiteElo "2185"]
[BlackElo "2562"]
[PlyCount "58"]
[EventDate "2013.07.24"]
[EventType "swiss"]
[EventRounds "8"]
[EventCountry "BRA"]
[SourceTitle "CBM 155 Extra"]
[Source "ChessBase"]
[SourceDate "2013.08.26"]
[SourceVersion "1"]
[SourceVersionDate "2013.08.26"]
[SourceQuality "1"]

1. e4 c5 2. Nf3 d6 3. d4 cxd4 4. Nxd4 Nf6 5. Nc3 a6 6. Bg5 Nbd7 7. f4 Qa5 8. Qf3 h6 9. Bxf6 Nxf6 10. h3 e5 11. Nb3 Qc7 12. fxe5 dxe5 13. 0-0-0 Be6 14. Qg3 Rc8 15. Bd3 g6 16. Rhf1 Bg7 17. Kb1 0-0 18. Qe3 b5 19. Rd2 Rfd8 20. g4 Nd7 21. Rfd1 Nb6 22. Be2 Rxd2 23. Rxd2 Bf6 24. Nd5 Bxd5 25. exd5 Bg5 26. Qd3 e4 27. Qxe4 Bxd2 28. Nxd2 Nxd5 29. Bd3 Nf4 0-1